000 00792nam a22002657a 4500
001 BR9600956
003 BR-BrBNA
005 20230928094928.0
007 ta
008 230509b bl.||||| |||| 00| 0 por d
040 _aBR-BrBNA
_bpor
_cBiblioteca Nacional de Agricultura
041 _a(Por)
072 _aU10; E16
_b5212
090 _ 5212 BR9600956
110 1 _aDepartamento de Cooperativismo, Associativismo e Infra Estrutura Rural, Brasilia, DF (Brasil)
_93153
245 1 _aMonty. Um programa para monitoramento de rebanhos bovinos
260 3 _aBrasilia, DF (Brasil):
_c[nd].
300 _a6 p.
500 _aSummary (Por)
650 _aBovino
650 _aSistema de Producao
650 _aPrograma de Computador
909 _a202309
_bLucia
_c55
_dLucia Elande
942 _cBK
999 _c53493
_d53493